Laura e o coração das coisas (Registo nº 1813)

Detalhes MARC
000 -Etiqueta do registo
Cabeçalho 00971nam a22003251 4500
005 - Identificador da versão
Campo de controlo 20240813121917.0
095 ## -
-- PTBN00175745
010 ## - Número internacional normalizado dos livros (ISBN)
Número (ISBN) 9722024302
021 ## - Número do Depósito Legal
Código do país PT
Número 191690/03
100 ## - Dados gerais de processamento
Dados gerais de processamento 20040510d2003 cd y0pory5003 ba
102 ## - Pais de publicação ou produção
País de publicação Portugal
101 1# - Língua de publicação
Língua do texto, banda sonora, etc. Português
Língua do documento no original Espanhol
106 ## - Campo de dados codificados: material textual
Dados codificados do material textual r
105 ## - Campo de dados codificados: livros
Dados codificados dos livros a z 000fy
215 ## - Descrição física 
Indicação específica da natureza do documento e extensão da espécie 37 p.
Outras indicações físicas muito il.
Dimensões 24 cm
200 1# - Titulo e menção de responsabilidade
Título próprio Laura e o coração das coisas
Primeira menção de responsabilidade texto de Lorenzo Silva
Outras menções de responsabilidade il. Jordi Sàbat
-- trad. Inês Pedrosa
205 ## - Menção da edição
Menção da edição 1ª ed.
210 ## - Publicação, Distribuição, etc. 
Lugar da edição, distribuição, etc. Lisboa
Nome do editor, distribuidor, etc. Dom Quixote
Data da publicação, distribuição, etc. 2003
300 ## - Notas gerais 
Texto da nota Prémio Destino Infantil
304 ## - Notas relativas a título e menção de responsabilidade 
Texto da nota Tít. orig.: Laura y el corazón de las cosas
606 ## - Nome comum usado como assunto
Número de registo de entrada de autoridade 0000001
Palavra de ordem Literatura estrangeira infantil
Subdivisão de assunto Conto
675 ## - Classificação Decimal Universal (CDU)
Notação 82-34
Edição
Língua da edição por
702 #1 - Nome de autor-pessoa física (responsabilidade secundária)
Número de registo de entrada de autoridade 0000330
Palavra de ordem Pedrosa
Outra parte do nome não tomada para palavra de ordem Inês
Código de função Tradutor
701 #1 - Nome de autor-pessoa física (co-responsabilidade principal)
Palavra de ordem Sàbat
Outra parte do nome não tomada para palavra de ordem Jordi
Código de função Ilustrador / Técnico de desenho computorizado
700 #1 - Nome de autor-pessoa física (responsabilidade principal)
Número de registo de entrada de autoridade 0000328
Palavra de ordem Silva
Outra parte do nome não tomada para palavra de ordem Lorenzo
Datas 1966-
942 ## - Elementos de entrada adicionados (Koha)
Tipo de item no Koha Livro
Exemplares
Situação do levantamento Origin of item (home branch) (coded) Biblioteca de empréstimo Código de barras Cota Circulation type (not for loan) Tipo de documento Nota do exemplar Damaged status
  Biblioteca Escolar da Coca Maravilhas Biblioteca Escolar da Coca Maravilhas BECM6505/04 8EST SIL   Livro Sem mensagem  
  Biblioteca Escolar da Coca Maravilhas Biblioteca Escolar da Coca Maravilhas BECM6189/03 8EST SIL   Livro Sem mensagem